00379nam a2200145Ia 4500003000900000008004100009040001300050040001300063100002300076245008100099260002300180300000800203490000600211700001600217IT-RoPAU120407s9999 xx 000 0 und d aIT-RoPAU cIT-RoPAU aGuglielmo Sasinini aAlle radici dei cedri. Il dramma libanese le Chiese il Sinodo della speranza aSan Paolo Edizioni c cm v1 aCamille Eid